<?xml version="1.0" encoding="UTF-8"?>
<record
    xmlns:xsi="http://www.w3.org/2001/XMLSchema-instance"
    xsi:schemaLocation="http://www.loc.gov/MARC21/slim http://www.loc.gov/standards/marcxml/schema/MARC21slim.xsd"
    xmlns="http://www.loc.gov/MARC21/slim">

  <leader>00413nam a2200169Ia 4500</leader>
  <controlfield tag="008">230718s9999    xx            000 0 und d</controlfield>
  <datafield tag="041" ind1=" " ind2=" ">
    <subfield code="a">eng</subfield>
  </datafield>
  <datafield tag="082" ind1=" " ind2=" ">
    <subfield code="a">519.502</subfield>
    <subfield code="b">ROS</subfield>
  </datafield>
  <datafield tag="100" ind1=" " ind2=" ">
    <subfield code="a">Ross S.M.</subfield>
    <subfield code="9">114564</subfield>
  </datafield>
  <datafield tag="245" ind1=" " ind2=" ">
    <subfield code="a">Introductory Statistics</subfield>
  </datafield>
  <datafield tag="250" ind1=" " ind2=" ">
    <subfield code="a">2nd ed.</subfield>
  </datafield>
  <datafield tag="260" ind1=" " ind2=" ">
    <subfield code="c">2006</subfield>
    <subfield code="b">Elsevier</subfield>
  </datafield>
  <datafield tag="300" ind1=" " ind2=" ">
    <subfield code="a">809</subfield>
  </datafield>
  <datafield tag="365" ind1=" " ind2=" ">
    <subfield code="c">Rs.</subfield>
    <subfield code="b">450.00</subfield>
  </datafield>
  <datafield tag="700" ind1=" " ind2=" ">
    <subfield code="a">Ross S.M.</subfield>
    <subfield code="9">114564</subfield>
  </datafield>
  <datafield tag="906" ind1=" " ind2=" ">
    <subfield code="d">B:286015-Feb-2007</subfield>
    <subfield code="c">OTH</subfield>
    <subfield code="b">90</subfield>
  </datafield>
  <datafield tag="999" ind1=" " ind2=" ">
    <subfield code="c">316018</subfield>
    <subfield code="d">316018</subfield>
  </datafield>
  <datafield tag="952" ind1=" " ind2=" ">
    <subfield code="0">0</subfield>
    <subfield code="1">0</subfield>
    <subfield code="4">0</subfield>
    <subfield code="7">0</subfield>
    <subfield code="a">CCEP</subfield>
    <subfield code="b">CCEP</subfield>
    <subfield code="d">2007-02-16</subfield>
    <subfield code="e">Pradeep Book Distributors</subfield>
    <subfield code="f">OTH</subfield>
    <subfield code="g">360.00</subfield>
    <subfield code="i">2860</subfield>
    <subfield code="l">7</subfield>
    <subfield code="o">519.502</subfield>
    <subfield code="p">CCEP-BK-27225</subfield>
    <subfield code="r">2026-01-20 06:05:42</subfield>
    <subfield code="s">2026-01-05</subfield>
    <subfield code="t">90</subfield>
    <subfield code="v">450.00</subfield>
    <subfield code="w">2007-02-15</subfield>
    <subfield code="y">BK</subfield>
    <subfield code="z">027225</subfield>
  </datafield>
</record>
